00482nam a2200121 a 450000500170000000800410001704000120005804100080007010000300007824501510010826000900025930000110034920141127164528.0140626b xxu||||| |||| 00| 0 spa d cCO-BoIH aspa aNieto Restrepo, Margarita aEstrategias de gestión ambiental en paisajes fragmentados de la cuenca del río Roble y el río Bardas (Quindío, Valle del Cauca, Risaralda) aPereirabInstituto Alexander von HumboldtbUniversidad Tecnológica de Pereirac2005 a144 p.